000 00615nam a2200229Ia 4500
003 OSt
005 20221007080059.0
006 a|||||r|||| 00| 0
007 ta
008 221006b |||||||| |||| 00| 0 eng d
024 _a17,092
037 _cTextual
040 _aFLL
_cFLL
_beng
041 _2eng
_aeng
082 _aXM:9.2.N7, L9
100 _aGoel S.L.
245 0 _aAdministration of personnel in coopertives
260 _aNew Delhi
_bSterling Publishers Pvt. Ltd. India
_c1979
300 _a130p
_ccm.
942 _hXM:9.2.N7, L9
_cTEXL
_2CC
999 _c1158307
_d1158307